[Event "Lichtenberger Sommer 2024"]
[Site "Berlin"]
[Date "2024.08.10"]
[Round "1.76"]
[White "Kapp, Frank"]
[Black "Liu, Peilin"]
[Result "1-0"]
[WhiteElo "1905"]
[BlackElo "1608"]
[PlyCount "113"]
[EventDate "2024.08.10"]
[WhiteTeam "TSV IFA Chemnitz"]
[BlackTeam "SVG Saarbrücken 1970 e.V."]

1. d4 d5 2. Bf4 c6 3. c3 Nf6 4. Nf3 e6 5. e3 Bd6 6. Bxd6 Qxd6 7. Bd3 Qc7 8.
Nbd2 Nbd7 9. Qc2 b6 10. O-O Bb7 11. Rfe1 O-O 12. a4 c5 13. Rac1 c4 14. Bf1 a6
15. b4 b5 16. a5 Rae8 17. g3 e5 18. dxe5 Nxe5 19. Nxe5 Qxe5 20. Nf3 Qe4 21. Bg2
Qxc2 22. Rxc2 Ne4 23. Rd1 Rd8 24. Rd4 f5 25. Ne5 g6 26. f3 Nf6 27. Rcd2 Rfe8
28. f4 Kg7 29. h3 h5 30. Bf3 Ba8 31. Kf2 Bb7 32. g4 hxg4 33. hxg4 fxg4 34. Nxg4
Nxg4+ 35. Bxg4 Re7 36. Bf3 Red7 37. e4 Kf7 38. e5 Ke7 39. Kg3 Bc6 40. Kg4 Kf7
41. Kg5 Bb7 42. e6+ Kxe6 43. Bg4+ Kd6 44. Bxd7 Rxd7 45. Kxg6 Ke7 46. Rh2 Rd6+
47. Kg5 Rf6 48. Rh7+ Rf7 49. Rxf7+ Kxf7 50. f5 Kg7 51. f6+ Kf7 52. Rh4 Bc6 53.
Rh7+ Kg8 54. Kg6 Be8+ 55. f7+ Bxf7+ 56. Rxf7 Kh8 57. Rf8# 1-0

[Event "Lichtenberger Sommer 2024"]
[Site "Berlin"]
[Date "2024.08.10"]
[Round "1.77"]
[White "Lippianowski, Stefan"]
[Black "Bandsom, Olaf"]
[Result "0-1"]
[WhiteElo "1427"]
[BlackElo "1876"]
[PlyCount "76"]
[EventDate "2024.08.10"]
[WhiteTeam "SV Mattnetz Berlin e.V."]
[BlackTeam "SC Friesen Lichtenberg e.V."]

1. e4 e5 2. Nf3 Nc6 3. Nc3 d6 4. h3 Be7 5. d4 exd4 6. Nxd4 Bd7 7. Nf5 Bxf5 8.
exf5 Nf6 9. Be3 Qd7 10. Qf3 O-O 11. O-O-O Rfb8 12. g4 Ne5 13. Qe2 Qc6 14. Rg1
Qf3 15. Nb5 Qxe2 16. Bxe2 Ne8 17. g5 f6 18. f4 Nc6 19. Bd4 a6 20. Bc4+ Kf8 21.
Nc3 Nxd4 22. Rxd4 c6 23. g6 h6 24. Bf7 d5 25. Na4 b5 26. Nc3 Bc5 27. Rxd5 Bxg1
28. Rd1 Be3+ 29. Kb1 Bxf4 30. Ne2 Rd8 31. Re1 Be5 32. Nc1 Nd6 33. Nd3 Nxf7 34.
gxf7 Kxf7 35. Nc5 Rd2 36. Nb7 Ra7 37. Nc5 Re7 38. Kc1 Rf2 0-1

[Event "Lichtenberger Sommer 2024"]
[Site "Berlin"]
[Date "2024.08.10"]
[Round "1.78"]
[White "Kaushik, Siya"]
[Black "Schulz, Jannis"]
[Result "1-0"]
[WhiteElo "1608"]
[BlackElo "1897"]
[Annotator "Luca"]
[PlyCount "97"]
[EventDate "2024.08.10"]

{[%evp 0,93,25,14,83,68,64,30,25,35,31,31,40,29,47,16,17,-7,7,26,38,40,22,17,0,
-24,61,63,85,86,76,70,70,45,67,65,55,64,64,68,68,65,64,70,102,102,84,42,37,53,
40,54,79,84,85,57,124,152,170,172,209,199,215,224,218,206,218,233,223,228,229,
241,257,273,273,280,270,281,279,279,263,273,282,241,262,210,238,322,320,333,
461,611,640,640,711,1077]} 1. e4 c6 2. Nc3 d5 3. Nf3 dxe4 4. Nxe4 Nf6 5. Nxf6+
exf6 6. Bc4 Bd6 7. O-O O-O 8. h3 Nd7 9. d4 Nb6 10. Bd3 Be6 11. c3 Qd7 12. Qc2
h6 13. c4 Bc7 14. Bd2 Rfe8 15. a4 Rad8 16. b4 Bxh3 17. gxh3 Qxh3 18. Bh7+ Kh8
19. Qf5 Qxf5 20. Bxf5 Nxc4 21. Bc3 Nd6 22. Bd3 Ne4 23. Bxe4 Rxe4 24. Rfe1 f5
25. Nd2 Re6 26. Nb3 b6 27. a5 b5 28. Rxe6 fxe6 29. Nc5 Kg8 30. Nxe6 Rd7 31.
Nxc7 Rxc7 32. Re1 Kf7 33. Re5 g6 34. Rc5 Ke6 35. d5+ Kd6 36. f4 Kd7 37. Be5 Rc8
38. dxc6+ Rxc6 39. Rxb5 a6 40. Rb7+ Ke6 41. Rh7 h5 42. Rc7 Kd5 43. Rxc6 Kxc6
44. Kf2 Kb5 45. Bc3 Kc4 46. Kg3 Kb5 47. Kh4 Kc4 48. Kg5 Kb5 49. Be1 1-0

[Event "Lichtenberger Sommer 2024"]
[Site "Berlin"]
[Date "2024.08.10"]
[Round "1.79"]
[White "Sakalli, Selcuk Orkun"]
[Black "Schmidt, Reinhard"]
[Result "0-1"]
[WhiteElo "1897"]
[BlackElo "1574"]
[PlyCount "80"]
[EventDate "2024.08.10"]
[WhiteTeam "SC Zugzwang 95 e.V."]
[BlackTeam "vereinslos"]

1. d4 d5 2. c4 e6 3. Nc3 Bb4 4. cxd5 exd5 5. Bf4 Nc6 6. e3 Nf6 7. Bd3 Be6 8.
Nge2 Qe7 9. O-O Bd6 10. f3 Bxf4 11. Nxf4 O-O-O 12. Bb5 Rd6 13. Rc1 a6 14. Ba4
Bd7 15. Re1 g5 16. Nd3 Re6 17. Qd2 Re8 18. Kf2 g4 19. Nc5 gxf3 20. gxf3 Rd6 21.
Rg1 Bf5 22. Rg5 Bg6 23. f4 Ne4+ 24. N3xe4 dxe4 25. Qe2 b5 26. Qg4+ f5 27. Rxf5
Bxf5 28. Qxf5+ Kb8 29. Nxa6+ Ka7 30. Bxb5 Qh4+ 31. Kf1 Kb7 32. Bxc6+ Rxc6 33.
Qd5 Qh3+ 34. Ke1 Qxe3+ 35. Kf1 Qxc1+ 36. Kg2 Qxb2+ 37. Kh3 Qc3+ 38. Kh4 Kxa6
39. a4 Qc4 40. Qd7 Ree6 0-1

[Event "Lichtenberger Sommer 2024"]
[Site "Berlin"]
[Date "2024.08.10"]
[Round "1.80"]
[White "Arikan, Yanki"]
[Black "Krüger, Ekkehard"]
[Result "1-0"]
[WhiteElo "1573"]
[BlackElo "1894"]
[PlyCount "49"]
[EventDate "2024.08.10"]
[BlackTeam "SG NARVA Berlin e.V."]

1. e4 e5 2. Nf3 Nc6 3. d4 exd4 4. Nxd4 Nf6 5. Nxc6 bxc6 6. e5 Nd5 7. c4 Nb6 8.
Bd3 Bb4+ 9. Nd2 Qh4 10. Qc2 d6 11. exd6 cxd6 12. O-O Be6 13. Nf3 Qh5 14. a3 Qa5
15. Rb1 Kd7 16. axb4 Qxb4 17. Bd2 Qc5 18. b4 Qh5 19. Bf4 f6 20. Nd4 Rac8 21. c5
dxc5 22. bxc5 Nd5 23. Rb7+ Nc7 24. Rxc7+ Rxc7 25. Bxc7 1-0

[Event "Lichtenberger Sommer 2024"]
[Site "Berlin"]
[Date "2024.08.10"]
[Round "1.81"]
[White "Matitschka, Heinz"]
[Black "Dittrich, Hans-Jürgen"]
[Result "1-0"]
[WhiteElo "1892"]
[BlackElo "1573"]
[PlyCount "71"]
[EventDate "2024.08.10"]
[WhiteTeam "TSG Oberschöneweide e.V."]
[BlackTeam "SC Eintracht Berlin e.V."]

1. d4 g6 2. c4 Bg7 3. Nf3 d6 4. e4 e6 5. Bg5 Ne7 6. Nc3 h6 7. Be3 c5 8. dxc5
Bxc3+ 9. bxc3 d5 10. cxd5 exd5 11. Bb5+ Nbc6 12. exd5 Nxd5 13. Bd4 O-O 14. O-O
Bg4 15. h3 Nxd4 16. cxd4 Nc3 17. Qd3 Nxb5 18. hxg4 Nc7 19. Rab1 Qd5 20. Rb3
Rfe8 21. Rfb1 Rab8 22. Ne5 Ne6 23. c6 Nf4 24. Qf3 Qxf3 25. Nxf3 b6 26. g3 Nd5
27. a4 Re4 28. a5 Rxg4 29. axb6 Rxb6 30. Rxb6 axb6 31. Rc1 Nc7 32. d5 Nxd5 33.
c7 Nxc7 34. Rxc7 b5 35. Rb7 b4 36. Ne5 1-0

[Event "Lichtenberger Sommer 2024"]
[Site "Berlin"]
[Date "2024.08.10"]
[Round "1.82"]
[White "Müller, Leon"]
[Black "Matiashvili, Alexander Michael"]
[Result "0-1"]
[WhiteElo "1550"]
[BlackElo "1892"]
[PlyCount "80"]
[EventDate "2024.08.10"]
[WhiteTeam "SV Mattnetz Berlin e.V."]
[BlackTeam "SV Königsjäger Süd-West e.V."]

1. d4 d5 2. Nf3 Nf6 3. Bf4 e6 4. e3 Bd6 5. Bxd6 Qxd6 6. Bd3 Nbd7 7. Nbd2 e5 8.
dxe5 Nxe5 9. Nxe5 Qxe5 10. c3 O-O 11. Nf3 Qd6 12. O-O c5 13. h3 Rd8 14. Qc2 c4
15. Be2 b5 16. Rfd1 Bb7 17. b3 Qb6 18. b4 a5 19. a3 Ra6 20. Ra2 Rda8 21. Rda1
Ne4 22. Qb2 Qf6 23. Rc1 axb4 24. Qxb4 Bc6 25. Bd1 Qd6 26. Qxd6 Nxd6 27. Nd4 Bd7
28. Rca1 Ne4 29. Ne2 Kf8 30. f3 Nc5 31. Nd4 Nd3 32. Bc2 Re8 33. Bxd3 cxd3 34.
Kf2 Rc8 35. Rc1 b4 36. Rd2 Rxc3 37. Rxc3 bxc3 38. Rxd3 Rxa3 39. Ke1 c2 40. Rxa3
c1=Q+ 0-1

[Event "Lichtenberger Sommer 2024"]
[Site "Berlin"]
[Date "2024.08.10"]
[Round "1.83"]
[White "Pimenov, Danil"]
[Black "Ali, Maha"]
[Result "1-0"]
[WhiteElo "1891"]
[BlackElo "1527"]
[PlyCount "55"]
[EventDate "2024.08.10"]
[WhiteTeam "SC Borussia Lichtenberg"]
[BlackTeam "SC Kreuzberg e.V."]

1. e4 c6 2. d4 d5 3. exd5 cxd5 4. Bd3 Nc6 5. c3 Nf6 6. h3 e5 7. dxe5 Nxe5 8.
Nf3 Nxd3+ 9. Qxd3 Bd6 10. O-O O-O 11. Bg5 h6 12. Bh4 Be6 13. Nbd2 g5 14. Bg3
Bxg3 15. fxg3 Nh5 16. Nd4 Qd6 17. Kh2 a6 18. Rae1 Rae8 19. Qf3 Ng7 20. Qf6 Kh7
21. Nf5 Nxf5 22. Rxf5 Qe7 23. Qxe7 Rxe7 24. Rxd5 Rfe8 25. Rde5 f6 26. R5e3 Kg7
27. Nc4 Kf7 28. Nd6+ 1-0

[Event "Lichtenberger Sommer 2024"]
[Site "Berlin"]
[Date "2024.08.10"]
[Round "1.84"]
[White "Jozsa, Lev"]
[Black "Gehrke, Karsten"]
[Result "1-0"]
[WhiteElo "1505"]
[BlackElo "1890"]
[PlyCount "61"]
[EventDate "2024.08.10"]
[WhiteTeam "SV Empor Berlin e.V."]
[BlackTeam "SV Mattnetz Berlin e.V."]

1. e4 c5 2. Nf3 Nc6 3. d4 cxd4 4. Nxd4 Nf6 5. Nc3 e5 6. Ndb5 d6 7. Bg5 a6 8.
Na3 b5 9. Nd5 Be7 10. Nxe7 Qxe7 11. Bxf6 Qxf6 12. Qd2 O-O 13. O-O-O Rd8 14. f3
Be6 15. Kb1 d5 16. exd5 Bxd5 17. Qe1 Rac8 18. c4 Bxc4 19. Nxc4 bxc4 20. Bxc4
Qg6+ 21. Ka1 Nd4 22. Bd3 Qxg2 23. Qxe5 Ne6 24. Qg3 Qxg3 25. hxg3 h6 26. Bxa6
Rxd1+ 27. Rxd1 Rc2 28. Kb1 Rg2 29. g4 Nc5 30. Bb5 Rf2 31. Bc6 1-0

[Event "Lichtenberger Sommer 2024"]
[Site "Berlin"]
[Date "2024.08.10"]
[Round "1.85"]
[White "Besbudak, Özgür"]
[Black "Romanotto, Leonardo"]
[Result "1-0"]
[WhiteElo "1889"]
[BlackElo "1499"]
[PlyCount "119"]
[EventDate "2024.08.10"]
[WhiteTeam "SF Berlin 1903 e.V."]
[BlackTeam "SV Mattnetz Berlin e.V."]

1. e4 c5 2. c3 d5 3. exd5 Qxd5 4. d4 cxd4 5. cxd4 Nc6 6. Nf3 e6 7. Nc3 Bb4 8.
Be3 Nf6 9. Be2 Ne4 10. Qc2 Nxc3 11. bxc3 Ba5 12. O-O O-O 13. Rab1 Bc7 14. Rfd1
Qd6 15. g3 b6 16. Bf4 Qe7 17. Bxc7 Qxc7 18. Ng5 f5 19. Bc4 Rf6 20. Re1 Nd8 21.
Qb3 Qd6 22. Rb2 h6 23. Nf3 Bb7 24. Ne5 Nf7 25. Rbe2 Bd5 26. Nxf7 Kxf7 27. Bxd5
exd5 28. Re7+ Kf8 29. Qb5 Qxe7 30. Rxe7 Kxe7 31. Qxd5 Rff8 32. Qe5+ Kf7 33.
Qxf5+ Kg8 34. Qe6+ Kh8 35. f4 Rae8 36. Qc4 Re1+ 37. Kf2 Rfe8 38. Qa6 h5 39. a4
Rh1 40. Kg2 Rc1 41. Qb5 Rc2+ 42. Kh3 Ree2 43. Qxh5+ Kg8 44. Qd5+ Kh7 45. Qb7
Rxh2+ 46. Kg4 Rhg2 47. f5 Rgf2 48. Qxa7 Rxc3 49. Qxb6 Rff3 50. Qd6 Rfe3 51. a5
Re4+ 52. Kh3 Re1 53. a6 Rh1+ 54. Kg4 Ra1 55. d5 Rca3 56. Qg6+ Kg8 57. d6 Ra4+
58. Kh3 Kf8 59. d7 Rh1+ 60. Kg2 1-0

[Event "Lichtenberger Sommer 2024"]
[Site "Berlin"]
[Date "2024.08.10"]
[Round "1.86"]
[White "Eroglu, Ilgin Deniz"]
[Black "Geyler, Stefan"]
[Result "0-1"]
[WhiteElo "1472"]
[BlackElo "1886"]
[PlyCount "66"]
[EventDate "2024.08.10"]
[BlackTeam "BSG 1827 Eckbauer e.V."]

1. e4 c5 2. Nf3 d6 3. d4 cxd4 4. Qxd4 Nc6 5. Bb5 a6 6. Bxc6+ bxc6 7. O-O e5 8.
Qd3 Be7 9. Nc3 h6 10. Rd1 Nf6 11. b3 O-O 12. Ba3 c5 13. Nd2 Qc7 14. Nd5 Nxd5
15. Qxd5 Be6 16. Qd3 Rad8 17. c4 Qb7 18. Nf1 f5 19. exf5 Bxf5 20. Qd2 Be4 21.
f3 Bc6 22. Ne3 Bg5 23. Qe2 e4 24. fxe4 Bxe4 25. Nd5 Bxd5 26. Rxd5 Rde8 27. Qd1
Be3+ 28. Kh1 Bd4 29. Rb1 Rf2 30. b4 Ree2 31. Qg1 Qe7 32. Rxd4 cxd4 33. Ra1 Qe4
0-1

[Event "Lichtenberger Sommer 2024"]
[Site "Berlin"]
[Date "2024.08.10"]
[Round "1.87"]
[White "Lorenz, Veronika"]
[Black "Lippert, Marc"]
[Result "1-0"]
[WhiteElo "1884"]
[BlackElo "1450"]
[PlyCount "49"]
[EventDate "2024.08.10"]
[WhiteTeam "TSG Oberschöneweide e.V."]
[BlackTeam "SVG Läufer Reinickendorf e.V."]

1. e4 c5 2. Nf3 d6 3. d4 cxd4 4. Nxd4 Nf6 5. Bd3 g6 6. c4 Bg7 7. Nc3 O-O 8. O-O
Bd7 9. Nc2 Nc6 10. f3 Rc8 11. Be3 Na5 12. Qe2 b6 13. b4 Nb7 14. Rac1 a6 15. Nd5
Nxd5 16. cxd5 e6 17. Bxa6 Rb8 18. Nd4 exd5 19. exd5 Re8 20. Nc6 Qh4 21. g3 Rxe3
22. Qxe3 Re8 23. Qxe8+ Bxe8 24. gxh4 Bxc6 25. dxc6 1-0

[Event "Lichtenberger Sommer 2024"]
[Site "Berlin"]
[Date "2024.08.10"]
[Round "1.88"]
[White "Runge, David Pascal"]
[Black "Lieder, Guenter"]
[Result "0-1"]
[WhiteElo "1448"]
[BlackElo "1878"]
[PlyCount "90"]
[EventDate "2024.08.10"]

1. e4 c5 2. c3 d5 3. exd5 Qxd5 4. d4 e6 5. Nf3 Nc6 6. Na3 a6 7. Nc2 Nf6 8. Be2
Be7 9. O-O O-O 10. a3 b6 11. Be3 c4 12. Nd2 b5 13. Bf3 Qd7 14. Ne4 Bb7 15. Bg5
Nxe4 16. Bxe7 Nxc3 17. bxc3 Nxe7 18. Ne3 Bxf3 19. Qxf3 Rab8 20. a4 b4 21. Nxc4
bxc3 22. Qxc3 Rfd8 23. Rfd1 Qd5 24. Ne3 Qe4 25. Qd3 Qxd3 26. Rxd3 Nd5 27. Nc2
Rb2 28. Ne3 h6 29. a5 Nf4 30. Rdd1 Ne2+ 31. Kf1 Rxd4 32. Rxd4 Nxd4 33. Nc4 Rb4
34. Ne5 f6 35. Nd7 Rb5 36. f4 Nc6 37. Rc1 Nxa5 38. Nc5 Nb3 39. Nxb3 Rxb3 40.
Rc6 Ra3 41. Rxe6 Ra2 42. f5 a5 43. Re1 a4 44. Kg1 a3 45. Kf1 Rb2 0-1

[Event "Lichtenberger Sommer 2024"]
[Site "Berlin"]
[Date "2024.08.10"]
[Round "1.89"]
[White "Bongardt, Livius"]
[Black "Schulz-Vernholz, Daniel"]
[Result "1-0"]
[WhiteElo "1875"]
[BlackElo "1400"]
[PlyCount "43"]
[EventDate "2024.08.10"]
[WhiteTeam "TSG Oberschöneweide e.V."]
[BlackTeam "vereinslos"]

1. e4 c6 2. d4 d5 3. e5 Bf5 4. Nf3 Bg6 5. Be2 e6 6. O-O c5 7. Be3 Qb6 8. Nc3
Qxb2 9. Qb1 Qxb1 10. Raxb1 b6 11. dxc5 Bxc5 12. Bxc5 bxc5 13. Nb5 Kd8 14. Nd6
Nd7 15. Rb7 Ne7 16. Rfb1 Nb6 17. R1xb6 Nc8 18. Rc6 Nxd6 19. Rxd6+ Kc8 20. Rdd7
f5 21. Ba6 Be8 22. Rxa7+ 1-0

[Event "Lichtenberger Sommer 2024"]
[Site "Berlin"]
[Date "2024.08.10"]
[Round "1.90"]
[White "Cox, Johannes"]
[Black "Thümler, Floris"]
[Result "0-1"]
[WhiteElo "1400"]
[BlackElo "1874"]
[PlyCount "90"]
[EventDate "2024.08.10"]
[WhiteTeam "vereinslos"]
[BlackTeam "SV Königsjäger Süd-West e.V."]

1. d4 d5 2. c4 e6 3. Nc3 c6 4. e3 Nf6 5. Nf3 Nbd7 6. Qc2 Be7 7. Bd3 dxc4 8.
Bxc4 b5 9. Be2 Bb7 10. a3 b4 11. axb4 Bxb4 12. Bd2 O-O 13. O-O c5 14. Rfd1 cxd4
15. Nxd4 Qe7 16. Bf3 Bxf3 17. Nxf3 Nc5 18. Na4 Nce4 19. Bxb4 Qxb4 20. Nc3 Rfc8
21. Qa4 Qxa4 22. Rxa4 Nxc3 23. bxc3 Nd5 24. Rda1 Rxc3 25. g3 Rc7 26. Nd4 Nc3
27. Ra6 Kf8 28. Nc6 Nb5 29. R1a5 Rb7 30. Kg2 Ke8 31. Kf3 Kd7 32. Ne5+ Kd8 33.
Nc6+ Kc8 34. Kf4 Nc7 35. Rxa7 Rbxa7 36. Nxa7+ Kb7 37. Rh5 Kxa7 38. Rxh7 Nd5+
39. Ke5 Rg8 40. Kd6 Nf6 41. Rh4 Nd5 42. e4 Rd8+ 43. Ke5 Nc7 44. Rh7 Rd7 45.
Rxg7 f6+ 0-1